InterAmérica (Registro nro. 8761)

Detalles MARC
000 -LEADER
fixed length control field 00769nas a2200241 454500
001 - CONTROL NUMBER
control field 34893
005 - DATE AND TIME OF LATEST TRANSACTION
control field 20260407193509.0
008 - FIXED-LENGTH DATA ELEMENTS--GENERAL INFORMATION
fixed length control field 260407s1998####ag###########|||spa#d
003 - CONTROL NUMBER IDENTIFIER
control field AR-UNSa-BCEJYS
040 ## - CATALOGING SOURCE
Original cataloging agency AR-UNSa-BCEJYS
Language of cataloging spa
Transcribing agency AR-UNSa-BCEJYS
080 ## - UNIVERSAL DECIMAL CLASSIFICATION NUMBER
Universal Decimal Classification number 657
Common auxiliary subdivision Contabilidad
041 ## - LANGUAGE CODE
Language code of text/sound track or separate title spa
100 1# - MAIN ENTRY--PERSONAL NAME
Personal name Asociación Interamericana de Contabilidad (AIC)
245 10 - TITLE STATEMENT
Title InterAmérica
264 #1 - PRODUCTION, PUBLICATION, DISTRIBUTION, MANUFACTURE, AND COPYRIGHT NOTICE
Place of production, publication, distribution, manufacture Miami :
Name of producer, publisher, distributor, manufacturer Asociación Interamericana de Contabilidad
Date of production, publication, distribution, manufacture, or copyright notice 1998
310 ## - CURRENT PUBLICATION FREQUENCY
Current publication frequency Frecuencia: Trimestral
590 ## - LOCAL NOTE (RLIN)
Local note niveau_biblio:s niveau_hierar:1
650 ## - SUBJECT ADDED ENTRY--TOPICAL TERM
Topical term or geographic name entry element CONTABILIDAD
650 ## - SUBJECT ADDED ENTRY--TOPICAL TERM
Topical term or geographic name entry element Finanzas
700 1# - ADDED ENTRY--PERSONAL NAME
Personal name Abreu Páez, Víctor
856 41 - ELECTRONIC LOCATION AND ACCESS
Uniform Resource Identifier <a href="https://biblioeco.unsa.edu.ar/pmb/images/revistas/rev_Interamericana.jpg">https://biblioeco.unsa.edu.ar/pmb/images/revistas/rev_Interamericana.jpg</a>
Link text Imagen de portada
Electronic format type image/jpeg
942 ## - ADDED ENTRY ELEMENTS (KOHA)
Koha item type
Existencias
Withdrawn status Lost status Damaged status Not for loan Home library Current library Shelving location Date acquired Serial enumeration / chronology Total checkouts Full call number Barcode Date last seen Price effective from Koha item type
        Biblioteca Prof. Eusebio Cleto del Rey Biblioteca Prof. Eusebio Cleto del Rey   01/01/1999 Año 1, Nº 4 - ene./mar. 1999   H657 AME 4 R17716 10/04/2026 10/04/2026 Numero
        Biblioteca Prof. Eusebio Cleto del Rey Biblioteca Prof. Eusebio Cleto del Rey   01/10/1998 Año 1, Nº 3 - oct./dic. 1998   H657 AME 3 R17715 10/04/2026 10/04/2026 Numero
        Biblioteca Prof. Eusebio Cleto del Rey Biblioteca Prof. Eusebio Cleto del Rey   01/07/1998 Año 1, Nº 2 - jul./sep. 1998   H657 AME 2 R17713 10/04/2026 10/04/2026 Numero